00754cam a22002291 4500001001300000003000400013005001700017008004100034010001700075035001900092040001800111042001200129050001800141100001800159245010500177260006700282300001900349651004700368650004300415651004900458999001700507sa 68018994 DLC20260227112716.0760120s1965 io 000 0 ind  asa 68018994  a(OCoLC)1937509 aDLCcOAUdDLC apremarc00aHN710.D53bH31 aHady, Hariri.10aPendapat rakjat Djawa Barat di pedesaan tentang tata masjarakat jang di inginkan dari sudut-ekonomi. aDjakarta,bLembaga Ekonomi dan Kemasjarakatan Nasional,c1965. a 40 p.c28 cm. 0aJawa Barat (Indonesia)xSocial conditions. 0aPublic opinionzIndonesiazJawa Barat. 0aJawa Barat (Indonesia)xEconomic conditions. c88760d88760